| 000 | 00917 am a2200313 4500 | ||
|---|---|---|---|
| 001 | vtls000052165 | ||
| 003 | PNM | ||
| 005 | 20210412111704.0 | ||
| 008 | 730108s1972 enka 00 eng | ||
| 015 | _aB7301599 | ||
| 020 |
_c£0.75(non-net) _a0222010258 |
||
| 040 |
_aPPAK _beng _cPPAK _erda |
||
| 050 | 0 | 0 | _aDP48 |
| 082 | 0 | 4 |
_a914.6 _223 |
| 090 | 0 | 0 |
_a914.6 _bSET _dR |
| 100 | 1 |
_aSeth, Ronald _eauthor. |
|
| 245 | 1 | 0 |
_aLet's visit Spain / _c[by] Ronald Seth |
| 264 | 1 |
_aLondon : _bBurke, _c1972. |
|
| 300 | 0 | 0 |
_a95 pages : _billustrations some colour ; _c21 cm |
| 336 |
_2rdacontent _atext |
||
| 337 |
_2rdamedia _aunmediated |
||
| 338 |
_2rdacarrier _avolume |
||
| 504 | _aIndex | ||
| 511 | 0 | 0 | _aISBN 0 222 69832 2 Library ed.: £1.00 |
| 651 | 1 | 0 |
_aSpain _xSocial life and customs _xJuvenile literature |
| 942 |
_2ddc _cB |
||
| 949 |
_61000047386 _s6700:20110728 |
||
| 949 |
_61000048320 _s6700:20110712 |
||
| 999 |
_c183362 _d183362 |
||